000 00800nam a2200229Ia 4500
003 GCL
008 140319s9999 xx 000 0 ara d
020 _a6615409960
040 _aGCL /
_cGCL
082 0 4 _a956.708
_bو خ
100 1 _aودوورد، بوب
245 1 0 _aخطة الهجوم /
_cودوورد، بوب
700 1 _aفاضل جتكر
250 _aالاولى
260 _aالرياض :
_bمكتبة العبيكان ،
_c2004
300 _a658 ص ؛
_c24 سم
650 0 4 _aالعراق - تاريخ - العصر الحديث - صدام حسين
650 0 4 _aبوش ( رئيس )
650 0 4 _aالاعتداء الامريكى على العراق
650 0 4 _aالعراق - تاريخ - العصر الحديث - الاحتلال الامريكي
942 _2ddc
_cBK
999 _c7936
_d7936